000 003350000a22000970004500
100 1 _aErickson, Richard J.
245 1 0 _aDivine injustice? : Matthew's narrative strategy and the slaughter of the innocents (Matthew 2.13-23)
300 _aNúm 64 (1996), Páginas 5-27
773 0 _tJournal for the Study of the New Testament
942 _cANA
999 _c56080
_d56080